LEADER 00820nam2-22003011i-450- 001 990000167850403321 035 $a000016785 035 $aFED01000016785 035 $a(Aleph)000016785FED01 035 $a000016785 100 $a20011111d--------km-y0itay50------ba 101 0 $aita 105 $ay-------001yy 200 1 $a1. : paginazione varia. 210 $aParis$cImprimerie nationale$d1875- 215 $av.$d63 cm 461 0$1001000012826$12001$aCollection des dessins 610 0 $aScienza delle costruzioni 676 $a624 710 02$aECOLE DES PONTS ET CHAUSSEES$06450 801 0$aIT$bUNINA$gRICA$2UNIMARC 901 $aBK 912 $a990000167850403321 952 $a13 AR 7 B 29$b7589$fFINBC 959 $aFINBC 996 $a1. : paginazione varia$9121032 997 $aUNINA DB $aING01 LEADER 01150nam2-2200361li-450 001 990000128510203316 005 20180312154736.0 035 $a0012851 035 $aUSA010012851 035 $a(ALEPH)000012851USA01 035 $a0012851 100 $a20001109d1979----km-y0itay0103----ba 101 0 $aeng 102 $aGW 200 1 $aMagnetic flux structures in superconductors$fRudolf Peter Huebener 210 $aBerlin$cSpringer-Verlag$d1979 215 $aXI, 259 p.$c99 ill.$d24 cm 225 2 $aSpringer series in solid-state sciences$v6 300 $ascheda incompleta (prestito) 410 0$10010012849$12001$aSpringer series in solid-state sciences 676 $a537623$9. 700 1$aHuebener,$bRudolf Peter$047839 801 $aSistema bibliotecario di Ateneo dell' Università di Salerno$gRICA 912 $a990000128510203316 951 $a530 SSS (6)$b0008318 959 $aBK 969 $aSCI 979 $c19910612 979 $c20001110$lUSA01$h1711 979 $c20020403$lUSA01$h1620 979 $aPATRY$b90$c20040406$lUSA01$h1610 996 $aMagnetic Flux Structures in Superconductors$9338030 997 $aUNISA LEADER 02327nas 2200697-a 450 001 996198117903316 005 20230217213020.0 011 $a1878-0997 035 $a(DE-599)ZDB2179698-1 035 $a(OCoLC)54829538 035 $a(CKB)111079962192010 035 $a(CONSER)--2012250738 035 $a(EXLCZ)99111079962192010 100 $a20040329b20042004 s-- - 101 0 $aeng 135 $aurcn||||||||| 181 $ctxt$2rdacontent 182 $cc$2rdamedia 183 $acr$2rdacarrier 200 00$aDrug discovery today$iBiosilico 210 $a[Amsterdam] ;$a[New York] $cElsevier Science$d2004 215 $a1 online resource 300 $aRefereed/Peer-reviewed 311 $a1741-8364 517 3 $aBiosilico 517 1 $aDDT. 531 $aDRUG DISCOVERY TODAY 606 $aDrugs$xDesign$vPeriodicals 606 $aDrugs$xDesign$xData processing$vPeriodicals 606 $aBiochemistry$xData processing$vPeriodicals 606 $aDrugs$xComputer simulation$vPeriodicals 606 $aDrug Design 606 $aMedical Informatics 606 $aBiochemistry$xData processing$2fast$3(OCoLC)fst00831967 606 $aDrugs$xDesign$2fast$3(OCoLC)fst00898790 606 $aDrugs$xDesign$xData processing$2fast$3(OCoLC)fst00898792 606 $aSimulation par ordinateur$2rasuqam 606 $aDéveloppement de médicaments$2rasuqam 606 $aInformatique médicale$2rasuqam 608 $aPeriodical 608 $aPeriodicals.$2fast 608 $aPeriodicals.$2lcgft 608 $aPériodique électronique (Descripteur de forme)$2rasuqam 608 $aRessource Internet (Descripteur de forme)$2rasuqam 610 $aPharmacy, Therapeutics, & Pharmacology 615 0$aDrugs$xDesign 615 0$aDrugs$xDesign$xData processing 615 0$aBiochemistry$xData processing 615 0$aDrugs$xComputer simulation 615 12$aDrug Design 615 22$aMedical Informatics 615 7$aBiochemistry$xData processing. 615 7$aDrugs$xDesign. 615 7$aDrugs$xDesign$xData processing. 615 7$aSimulation par ordinateur. 615 17$aDéveloppement de médicaments. 615 7$aInformatique médicale. 906 $aJOURNAL 912 $a996198117903316 996 $aDrug discovery today$9797890 997 $aUNISA